000 01135cam a22002054a 4500
005 20250605164043.0
008 250528s ||||||||||||||||||||||||d
035 _a17050
020 _a814749895
040 _aGR-AtMCL
_bgre
_dGR-AtMCL
_eAACR2
245 1 _aPolitics and Society in the USSR
260 _c1980
300 _a622
520 _aA thorough and wide-ranging introduction to modern Soviet society: its politics, economics and social structure. Preface. The Ideology of Marxism-Leninism, Russia Before Soviet Power, Bolshevik Consolidation of Power and Reconstruction, The USSR in the International Arena, Soviet Political Institutions: Structure and Personnel, Critical Theories of Soviet Society, The Functions of the Party, The Group Process of Politics, The Economy and General Features, Management and Trade Unions and the Party in Industry, The Family, Social Stratification and Class, Social Differentiation, The Christian Religion, The Educational System, Appendices, Index.
700 1 _aLane David
_93178
942 _cBK
710 2 _aNew York University
_99730
999 _c2490
_d2490